00597nam a2200253Ia 4500001001400000003000900014005001700023008004100040020001500081040002300096050001200119100002000131245002100151260004200172300001600214650002100230650001600251650001200267887001600279888000900295942001500304945000700319999001700326AUWbook001477BDCtgAUW20260406155036.0220908s9999 xx 000 0 eng d a0674539095 aBDCtgAUWcBDCtgAUW aAC8.D971 aDyson, Freeman. 0aImagined worlds. aNew York :bHarvard University Press, a216 pages. 0aCollected Works. 0aCollection. 0aSeries. a BRAC22982 22982 cBK002lcc cBK c17325d17325